| 000 | 01289cam a2200373 i 4500 | ||
|---|---|---|---|
| 999 |
_c8912 _d8912 |
||
| 001 | 17823081 | ||
| 003 | GZU | ||
| 005 | 20210526125032.0 | ||
| 008 | 130723s2013 enkk 001 0 eng | ||
| 010 | _a 2013431315 | ||
| 020 | _a9781846615511 (hbk.) | ||
| 020 | _a1846615518 (hbk.) | ||
| 040 |
_aDLC _beng _cDLC _erda |
||
| 042 | _apcc | ||
| 043 | _ae-uk--- | ||
| 050 | 0 | 0 |
_aKD2079 _b.W55 2013 |
| 100 | 1 |
_aWilliams, Vanessa _q(Vanessa Jane), _eauthor. |
|
| 245 | 1 | 0 |
_aDue diligence : _ba practical guide / _cVanessa Williams. |
| 250 | _aSecond edition. | ||
| 264 | 1 |
_aBristol : _bJordans, _c[2013] |
|
| 300 |
_axii, 283 p. : _bforms ; _c26 cm + _e1CD-ROM (4 3/4 in.) |
||
| 336 |
_3book _atext _2rdacontent |
||
| 336 |
_3CD-ROM text _2rdacontent |
||
| 337 |
_3book _aunmediated _2rdamedia |
||
| 337 |
_3CD-ROM _acomputer _2rdamedia |
||
| 338 |
_3book _avolume _2rdacarrier |
||
| 338 |
_3CD-ROM _acomputer disc _2rdacarrier |
||
| 500 | _aIncludes index. | ||
| 650 | 0 |
_aBusiness enterprises _xPurchasing _xLaw and legislation _zGreat Britain. |
|
| 650 | 0 |
_aDisclosure of information _xLaw and legislation _zGreat Britain. |
|
| 906 |
_a7 _bcbc _corigcop _d2 _encip _f20 _gy-gencatlg |
||
| 942 |
_2lcc _cBK _e2nd _h2079 _iWIL _kKD _m2013 |
||